00509nam a2200169Ia 4500003000900000008004100009040001600050080001700066100002300083245008700106260003900193300001400232490003300246650001900279650002200298650001900320IN-BaIIA211028s9999 xx 000 0 eng d cIIA Library a530.145bKUR aKursunoglu, Behram 0aModern quantum theorycBehram Kursunoglu  aSan FranciscobW. H. Freemanc1962 axv, 518p. aA series of books in physics aNASA thesaurus aQuantum mechanics aQuantum theory